| 000 | 00798nam a2200193 4500 | ||
|---|---|---|---|
| 008 | 040616s1998 -hk chi | ||
| 020 |
_a9627865842 : _cNT228.00 |
||
| 090 |
_aBR1640 _bP28f |
||
| 100 | 1 | _a大衛寶信 Pawson, David | |
| 245 | 1 | 0 |
_a第四波--靈恩派和福音派我們準備好合一嗎? Fourth wave {ch} / _c寶信 David Pawson, trans. Miu-chi Ip. |
| 260 |
_aHong Kong : _b香港 : 香港亞洲歸主協會 Asian Outreach Hong Kong Ltd., _cc1998. |
||
| 300 | _a175 p. | ||
| 490 | 1 |
_a祷告复兴系列 Pray for revival series; _v4 |
|
| 650 | 4 | _aCharismatics {ch}. | |
| 650 | 4 | _aEvangelicals {ch}. | |
| 650 | 4 | _a教會歷史/派別、靈恩運動歷史 Pentecostalism {ch}. | |
| 700 | 1 | _aIp, Miu-chi | |
| 951 |
_pC-5219 _x00028187 _oBR1640/P28f _j070613111400500 _d2000-12-21 _cCH |
||
| 999 |
_c20269 _d20269 |
||